000 00704nam a22002297a 4500
003 UA-OsUOA
001 99830
007 ta
008 20130520b un ||||| |||| 00| 0 ukr d
100 _aДостоевский Ф.
090 _a821.161.1
_bД70
942 _cBK
040 _aUA-OsUOA
_brus
_cUA-OsUOA
_dUA-OsUOA
245 _aБедные люди. Белые ночи. Неточка Незванова. Кроткая
300 _a328 с.
955 _a3
041 _arus
080 _a821.161.1
260 _aЛенинград
_bХудожественная литература
_c1983
650 7 _a82 Література. Літературознавство
_2UDC
999 _c386067
_d386067